000 01122nam a22002897a 4500
001 BR8500485
003 BR-BrBNA
005 20230928092041.0
007 ta
008 230509b bl.||||| |||| 00| 0 por d
040 _aBR-BrBNA
_bpor
_cBiblioteca Nacional de Agricultura
041 _a(Por)
072 _aF21; F60
_b0336
_b3920
090 _ 0336 BR8500485
100 1 _aMarriel, I.E.
110 1 _aUniversidade Federal de Vicosa, MG (Brasil)
_0Tese (Magister Scientiae)
245 1 _aEfeitos de fatores limitantes sobre o crescimento de Rhizobium japonicum (Kirchner)Buchanan e de soja (Glycine max (L.)Merrill)
246 1 _a[Effects of limiting factors on the growth of Rhizobium japonicum (Kirchner)Buchanan and of soybean (Glycine max (L.)Merrill)]
260 3 _aVicosa, MG (Brasil):
_c1984.
300 _a131 p.
500 _a6 illus.; 24 tables; Bibliography p. 90-106 (107 ref.); Summary (Por). (*) Documento disponível na(o) Universidade Federal de Vicosa, MG (Brazil)
650 _aSOJA
650 _aRHIZOBIUM
650 _aCRESCIMENTO
909 _a202309
_bLucia
_c55
_dLucia Elande
942 _cBK
999 _c36899
_d36899